• 首页
  • 本馆介绍
  • 公告通知
  • 最新文献
  • 馆藏检索
  • 电子资源
  • 读者导购
  • 参考咨询
  • 我的图书馆
  • 登录
  • 详细信息显示
  • 放入我的书架
  • 预约/预借图书
  • 作者相关作品
  • 分类相关作品
  • 丛书相关作品
  • 出版社相关作品

书目信息

  • 表格格式
  • 工作单格式
  • 卡片格式
题名:
黑格尔《小逻辑》绎注
    
 
作者: 张世英
分册:  
出版信息: 长春   吉林人民出版社  1982
页数: 586页
开本: 20cm
丛书名:
单 册:
中图分类: B811.01
科图分类:
主题词: DISPLAY逻辑
电子资源:
ISBN:
000 00509nam0 2200181 450
001 0728815141
005 20070819080015.14
010    @d¥1.86
100    @a20070819d km y0chiy0120 ea
101 0  @achi
200 1  @a黑格尔《小逻辑》绎注@Ahei ge er《xiao luo ji》yi zhu@f张世英@Fzhang shi ying
210    @a长春@c吉林人民出版社@d1982
215    @a586页@d20cm
606 0  @aDISPLAY逻辑
690    @aB811.01@v3
701  0 @a张世英@Azhang shi ying
801  0 @aCN@bPFT@c20070819
905    @a213230@dB811.01@eZW136@f1
    
    黑格尔《小逻辑》绎注/张世英.-长春:吉林人民出版社,1982
    586页;20cm
    
    
    ISBN :¥1.86
    
●
相关链接 在E读中查询图书 在五车中查询图书 在当当中查询图书 在豆瓣中查询图书


正题名:黑格尔《小逻辑》绎注     索取号:B811.01/ZW136         预约/预借

序号 登录号 条形码 馆藏地/架位号 状态 备注
1 7600723   276007232   密集书库-文学院/ [索取号:B811.01/ZW136] 在馆    
2 7600724   276007241   密集书库-文学院/ [索取号:B811.01/ZW136] 在馆    
唐山师范学院图书馆 欢迎您!
大连网信软件有限公司© 版权所有